Les films de Julien Duvivier (en images) - Statistiques

Statistiques générales
  • Ce quiz a été pris 13 fois
  • Le résultat moyen est 8 sur 16
Statistiques - réponses
Par images Réponse % Correct
Le Petit Monde de don Camillo
92%
Pépé le Moko
85%
La Belle équipe
69%
Marie-Octobre
62%
Golgotha
54%
La Bandera
54%
La Fin du jour
54%
Panique
54%
Voici le temps des assassins
54%
La Fête à Henriette
46%
L'Imposteur
46%
Diaboliquement vôtre
31%
L'homme à l'imperméable
31%
Maria Chapdelaine
31%
Sous le ciel de Paris
31%
Chair de poule
23%
Aucun quiz correspondant
Distribution des résultats
% des personnes avec chaque résultat
Percentile par nombre de réponses
Votre historique - résultats
Vous n’avez pas pris ce quiz